000 01168nam a2200229Ia 4500
003 Ost
005 20260507075133.0
008 260507s9999||||xx |||||||||||||| ||und||
020 _a2545673977
040 _cfsecg
041 _aara
082 _a330
100 _eمؤلف
245 0 _aتطوير الأداء الجمركي واتفاقيات منظمة التجارة العالمية :
_bأمثلة عربية مختارة /
260 _aالقاهرة:
_bمنشورات المنظمة العربية للتنمية الإدارية,
_c2006
300 _a347 صفحة؛
_bإيضاحات ؛
_c24 سم
490 _aبحوث ودراسات
520 _aالإدارة الجمركية، التحديات القائمة وعناصر التطور- اتفاقيات منظمة التجارة العالمية (التقييم الجمركي والفحص قبل الشحن) ودورها في التطوير الجمركي- خبرات بعض الدول العربية في تطوير الإدارة الجمركية- الخلاصة والتوصيات.
653 _aالجمارك
653 _aمنظمة التجارة العالمية
942 _cكتاب
999 _c43231
_d43231